MESTSKÁ KNIŽNICA GIRALTOVCE  - online katalóg 

Maturita z matematiky (Record no. 22774)

000 -NÁVESTIE
fixed length control field 00406nam a2200145 4500
008 - ÚDAJE S PEVNOU DĹŽKOU – VŠEOBECNÉ INFORMÁCIE
fixed length control field 191024s2016||||xo d
020 ## - MEDZINÁRODNÉ ŠTANDARDNÉ ČÍSLO KNIHY (ISBN)
Medzinárodné štandardné číslo knihy (ISBN) 9788055148892
Údaje o dostupnosti 12,26
041 1# - KÓD JAZYKA
Kód jazyka textu/zvukovej stopy alebo samostatných nápisov slo
044 ## - KÓD KRAJINY VYDAVATEĽA/PRODUCENTA
Kód krajiny MARC xo
Kód krajiny ISO SK
100 1# - OSOBNÉ MENÁ – VŠEOBECNÉ INFORMÁCIE
Osobné meno Boroš Mário
-- 1417
245 10 - NÁZOV
Názov Maturita z matematiky
Zvyšok názvu Príprava na príjimacie skúšky na vysokú školu
250 ## - ÚDAJ O PORADÍ VYDANIA
Údaj o poradí vydania 1.vydanie
260 ## - VYDAVATEĽSKÉ ÚDAJE, DISTRIBÚCIA ATĎ.
Názov vydavateľa, distibútora atď. Príroda
Miesto publikovania, distribúcie atď. Bratislava
Dátum publikovania, distribúcie atď. 2016
300 ## - FYZICKÝ POPIS
Rozsah 192s.
Holdings
Stav stiahnutia (Blokovanie) (Withrawn status) Stav straty Zdroj klasifikácie pre skladovanie Stav poškodenia (Damaged status) Nie pre výpožičky (Not for loan) Spôsob nadobudnutia (Collection code) Trvalé umiestnenie Aktuálne umiestnenie Dátum nadobudnutia Náklady, bežná kúpna cena Inventárne číslo (prírastkové číslo) Celkom výpožičky Full call number Čiarový kód Dátum posledného výskytu Dátum poslednej výpôžičky Cena s účinnosťou od Typ jednotky Koha
          Kúpa Mestská knižnica Giraltovce Mestská knižnica Giraltovce 2019-10-24 12.26 21110 1 I1812 I1812 2023-05-10 2023-04-12 2019-12-12 Odborná literatúra pre dospelých

Powered by Koha